| 000 | 00328 a2200133 4500 | ||
|---|---|---|---|
| 001 | 66200 | ||
| 082 | _a621.38152 BHA | ||
| 090 |
_c38489 _d38489 |
||
| 100 | _aBhattacharya, P. | ||
| 245 | _aSemiconductor opto electronics devices, 2nd Ed | ||
| 250 | _a2 | ||
| 260 |
_aN Jersey _bPrentice Hall _c1998 |
||
| 300 | _axxv, 613 | ||
| 942 |
_aNUST-CAE _k621.38152 BHA |
||
| 999 |
_c301273 _d301273 |
||